00414nam a2200157Ia 4500100001900000650001200019942000700031654001500038245003300053260002300086082001600109300000800125546001200133999001700145952009400162 aBridger/ R.S.  aGeneral cBK aergonomies aIntroduction to Ergonomics bMc Graw Hillc1995 a620.82bBRI a529 aENGLISH c21548d21548 001040708CRCaCRCEbCRCEd2023-03-17l0o620.82 BRIp11127r2023-03-17w2023-03-17yBK